000 01883nam a22003974a 4500
001 ebr10423338
003 CaPaEBR
006 m u
007 cr cn|||||||||
008 071213s2008 inu sb 001 0 eng
010 _z 2007051041
020 _z9780268034061 (cloth : alk. paper)
020 _z0268034060 (cloth : alk. paper)
020 _z9780268034085 (pbk. : alk. paper)
020 _z0268034087 (pbk. : alk. paper)
040 _aCaPaEBR
_cCaPaEBR
035 _a(OCoLC)657597316
050 1 4 _aBS476
_b.L49 2008eb
082 0 4 _a220.601
_222
100 1 _aLevering, Matthew,
_d1971-
245 1 0 _aParticipatory Biblical exegesis
_h[electronic resource] :
_ba theology of Biblical interpretation /
_cMatthew Levering.
260 _aNotre Dame, Ind. :
_bUniversity of Notre Dame Press,
_cc2008.
300 _axi, 310 p.
490 1 _aReading the Scriptures
504 _aIncludes bibliographical references and index.
505 0 _aLate-medieval nominalism and participatory Biblical exegesis -- From Aquinas to Raymond Brown -- Participatory Biblical exegesis and God the teacher -- Participatory Biblical exegesis and human teachers -- Participatory Biblical exegesis and ecclesial authority.
533 _aElectronic reproduction.
_bPalo Alto, Calif. :
_cebrary,
_d2013.
_nAvailable via World Wide Web.
_nAccess may be limited to ebrary affiliated libraries.
630 0 0 _aBible
_xHermeneutics.
630 0 0 _aBible
_xCriticism, interpretation, etc.
_xHistory.
650 0 _aHistory
_xReligious aspects
_xCatholic Church.
650 0 _aHistory
_xReligious aspects
_xCatholic Church
_xHistory of doctrines.
655 7 _aElectronic books.
_2local
710 2 _aebrary, Inc.
830 0 _aReading the Scriptures.
856 4 0 _uhttp://site.ebrary.com/lib/rucke/Doc?id=10423338
_zAn electronic book accessible through the World Wide Web; click to view
999 _c237715
_d237715